000 00983nam a22003017a 4500
003 CHAP
005 20220329134720.0
008 971013s1980 r 00010 d
010 _a24708
011 _a25680
035 _a29780
040 _cCHAP
082 _a664.1
_bI50 1980
110 _aInstituto de Capacitación de la Industria Azucarera. México
_959103
245 _aEvaporadores de múltiple efecto
_b: operación
250 _a3 ed.
260 _aMéxico, D.F. :
_bInstituto de Capacitación de la Industria Azucarera,
_c1980
300 _a133 p.
_b: ilus
590 _aBATCH-UPD
_b10
_c20130110
_lUCH01
_h0836
590 _aBATCH-UPD
_b10
_c20130410
_lUCH01
_h0514
590 _aBATCH-UPD
_b10
_c20130914
_lUCH01
_h0509
590 _aCONVERSION
_b10
_c20130109
_lUCH01
_h1314
650 1 4 _aAzúcar
_xMaquinaria.
_99162
650 1 4 _aEvaporadores.
_938966
901 _aBK
942 _cLIBRO
949 _a664.1 I50 1980
_bBC
_cLIBRO
_d33724000115788
_eLIBRO
_h60205
_i29780
_si
999 _c24708
_d24708